Je naozaj v Rakúsku "aj vzduch lepší"?

Prevláda názor, že v okolitých krajinách majú spotrebitelia kvalitnejšie potraviny. Autori preto navštívili reťazec, ktorý je prítomný v krajinách SR a Rakúska. Následne kúpili značky výrobkov, ktoré sú dostupné v oboch krajinách. Porovnávali zloženie aj ceny.

Na minha lista:
Detalhes bibliográficos
Autor principal: Hubinská, Veronika
Formato: Capítulo de Livro
Idioma:eslovaco
Assuntos:
Tags: Adicionar Tag
Sem tags, seja o primeiro a adicionar uma tag!

MARC

LEADER 00000naa a2200000 4500
001 0304909
005 20241104135310.1
041 0 |a slo 
044 |a SK 
245 1 0 |a Je naozaj v Rakúsku "aj vzduch lepší"?  |c Veronika Hubinská 
520 |a Prevláda názor, že v okolitých krajinách majú spotrebitelia kvalitnejšie potraviny. Autori preto navštívili reťazec, ktorý je prítomný v krajinách SR a Rakúska. Následne kúpili značky výrobkov, ktoré sú dostupné v oboch krajinách. Porovnávali zloženie aj ceny. 
610 2 0 |a kvalita výrobkov 
610 2 0 |a nákup 
610 2 0 |a správanie spotrebiteľa 
610 2 0 |a ceny 
610 2 0 |a porovnanie medzinárodné 
100 1 |a Hubinská, Veronika